00395nam a22001457a 4500003000400000008004100004022001800045082001200063100004600075245002900121250000900150260003900159300000800198650004300206OSt210205b ||||| |||| 00| 0 eng d a9789389211436 a579 KAT aAnanthanarayan, R and Paniker, CK Jayaram aTextbook of Microbiology a11th aNew DelhibUniversity Press c2020 a660 aPharmceutical Microbiology and Biotech